[Event "SVK-ch U10"]
[Site "Stara Lubovna"]
[Date "2021.06.26"]
[Round "1"]
[White "Sotnik, Simon"]
[Black "Kaceriak, Simon"]
[Result "0-1"]
[WhiteElo "1000"]
[BlackElo "1069"]
[PlyCount "42"]
[EventDate "2021.06.26"]
[EventType "swiss"]
[EventRounds "9"]
[EventCountry "SVK"]
[SourceTitle "CBM 203 Extra"]
[Source "ChessBase"]
[SourceDate "2021.09.30"]
[SourceVersion "1"]
[SourceVersionDate "2021.09.30"]
[SourceQuality "1"]

1. d4 e6 2. e4 d5 3. Nc3 c5 4. Bf4 dxe4 5. Qe2 cxd4 6. Qb5+ Qd7 7. Nxe4 Nc6 8. Nd6+ Bxd6 9. Bxd6 Qxd6 10. 0-0-0 Nf6 11. Nf3 Bd7 12. Rxd4 Nxd4 13. Qxb7 Rc8 14. Nxd4 Qxd4 15. Bb5 Qf4+ 16. Kb1 Qc7 17. Bxd7+ Nxd7 18. Qb5 0-0 19. Re1 Qxc2+ 20. Ka1 Qc1+ 21. Rxc1 Rxc1# 0-1